[Event "10. Bayer Open"]
[Site "?"]
[Date "2012.01.11"]
[Round "1"]
[White "Birnkott, Manfred"]
[Black "Seelig, Jochen"]
[Result "1/2-1/2"]
[WhiteElo "1850"]
[BlackElo "1426"]
[PlyCount "83"]
[EventDate "2012.??.??"]
[SourceDate "2012.01.12"]

1. e4 b6 2. d4 Bb7 3. Nc3 e6 4. Bd3 Nf6 5. Nge2 d5 6. e5 Nfd7 7. Nb1 c5 8. c3
Nc6 9. O-O c4 10. Bc2 Na5 11. b4 Nc6 12. f4 g6 13. Be3 Qe7 14. a4 O-O-O 15. Na3
a5 16. bxa5 Nxa5 17. Nb5 Qe8 18. Bc1 Bc6 19. Rb1 Bxb5 20. Rxb5 Be7 21. Bd2 Kc7
22. Nc1 Nc6 23. Na2 Ra8 24. Be3 Ra5 25. Rb1 Qa8 26. Nb4 Qb7 27. Kh1 h5 28. Kg1
Rha8 29. Bc1 Ndb8 30. Ba3 b5 31. Nxc6 Nxc6 32. Bb4 Bxb4 33. cxb4 R5a6 34. Kf2
Rb6 35. a5 Rba6 36. Ke3 Ne7 37. Kd2 Nc6 38. Kc3 Rh8 39. h3 h4 40. Qg4 Ne7 41.
Qg5 Kd7 42. Rf2 1/2-1/2

[Event "10. Bayer Open"]
[Site "?"]
[Date "2012.01.11"]
[Round "1"]
[White "Kolleck, Wolf-Dietrich"]
[Black "Blumenthal, Ralf"]
[Result "1-0"]
[WhiteElo "1428"]
[BlackElo "1824"]
[PlyCount "57"]
[EventDate "2012.??.??"]
[SourceDate "2012.01.12"]

1. d4 f5 2. e4 d6 3. Nc3 Nf6 4. Bd3 e6 5. Nf3 Nc6 6. e5 dxe5 7. dxe5 Ng4 8. Bf4
Qe7 9. h3 Qb4 10. Qd2 Nh6 11. Bxh6 gxh6 12. O-O a6 13. a3 Qe7 14. Rfe1 Qg7 15.
Bf1 Bc5 16. b4 Ba7 17. Rab1 O-O 18. Na4 b6 19. Nb2 Bb7 20. c3 Nxb4 21. Nd4 Rad8
22. Qe2 Nd5 23. Nxe6 Qg6 24. Nxf8 Rxf8 25. Qf3 b5 26. c4 bxc4 27. Bxc4 c6 28.
Nd3 Kg7 29. Rxb7+ 1-0

[Event "10. Bayer Open"]
[Site "?"]
[Date "2012.01.11"]
[Round "1"]
[White "Wolff, Michael"]
[Black "Hoeper, Heinz-Joachim"]
[Result "0-1"]
[WhiteElo "1835"]
[BlackElo "1416"]
[PlyCount "80"]
[EventDate "2012.??.??"]
[SourceDate "2012.01.12"]

1. e4 e5 2. f4 d5 3. exd5 Qxd5 4. Nc3 Qa5 5. fxe5 Qxe5+ 6. Be2 Nc6 7. Nf3 Qa5
8. Bc4 Bg4 9. d3 Ne5 10. Bf4 Bxf3 11. gxf3 Nxc4 12. dxc4 Bb4 13. Qe2+ Ne7 14.
Bd2 O-O-O 15. O-O-O Ng6 16. Kb1 Rhe8 17. Qg2 Re6 18. Qg5 Qxg5 19. Bxg5 Rxd1+
20. Rxd1 f6 21. Bd2 Ne5 22. Re1 Kd7 23. Ne4 Nxf3 24. Bxb4 Nxe1 25. Nc5+ Kd6 26.
Nxe6+ Kxe6 27. Bxe1 Kf5 28. Kc1 Ke4 29. Kd2 Kf3 30. Bg3 c6 31. Bb8 g5 32. Bxa7
h5 33. Bb8 f5 34. Ke1 Kg2 35. Ke2 h4 36. Ke3 h3 37. b4 f4+ 38. Ke4 Kxh2 39. Kf3
Kg1 40. Ba7+ Kf1 0-1

[Event "10. Bayer Open"]
[Site "?"]
[Date "2012.01.11"]
[Round "1"]
[White "Azimi, Reza"]
[Black "Bießner, Eberhard"]
[Result "0-1"]
[WhiteElo "1410"]
[BlackElo "1750"]
[PlyCount "104"]
[EventDate "2012.??.??"]
[SourceDate "2012.01.12"]

1. e4 Nf6 2. Nc3 d5 3. exd5 Nxd5 4. Nxd5 Qxd5 5. Nf3 Bg4 6. Be2 Nc6 7. O-O e5
8. d3 Bc5 9. c4 Qd7 10. a3 a5 11. Be3 Be7 12. Rc1 O-O 13. Qc2 Bf5 14. Bg5 f6
15. Bh4 Bc5 16. Rfd1 Rfd8 17. Bg3 g5 18. h3 h5 19. Qd2 Qg7 20. Qe1 g4 21. hxg4
hxg4 22. Nh4 Be6 23. Bf1 Bd4 24. b4 Bb2 25. Rb1 Bxa3 26. b5 Nd4 27. Qe4 b6 28.
Be2 Bd6 29. Rf1 Re8 30. Qe3 f5 31. Bh2 f4 32. Qe4 Qg5 33. g3 f3 34. Bd1 Bf5 35.
Qe3 Qf6 36. Kh1 Kg7 37. Rg1 e4 38. dxe4 Rxe4 39. Qc3 Be5 40. Qc1 Ne2 41. Bxe2
Rxe2 42. Nxf5+ Qxf5 43. Qf1 Bd4 44. Re1 Rae8 45. Rd1 Bxf2 46. Rd5 R2e5 47. Qa1
Bxg1 48. Rxe5 Qxe5 49. Qxe5+ Rxe5 50. Bxg1 Re1 51. Kh2 Rxg1 52. Kxg1 a4 0-1

[Event "10. Bayer Open"]
[Site "?"]
[Date "2012.01.11"]
[Round "1"]
[White "Vranidis, Georgius"]
[Black "Westphal, Gerhard"]
[Result "1-0"]
[WhiteElo "1814"]
[BlackElo "1407"]
[PlyCount "63"]
[EventDate "2012.??.??"]
[SourceDate "2012.01.12"]

1. e4 e5 2. Nf3 Nc6 3. d4 exd4 4. Nxd4 Nxd4 5. Qxd4 d6 6. Bc4 Be6 7. O-O Bxc4
8. Qxc4 Qd7 9. Nc3 c6 10. a4 Be7 11. Rd1 Qe6 12. Qb4 Qc8 13. Bf4 c5 14. Qb5+
Qc6 15. Bxd6 Qxb5 16. Nxb5 Bxd6 17. Nxd6+ Ke7 18. a5 Nh6 19. Nxb7 c4 20. Rd5
Rac8 21. Rad1 Rc7 22. a6 Rhc8 23. h3 Ng8 24. e5 f5 25. f4 Rc6 26. R1d4 g6 27.
Nd6 Rb8 28. Nxc4 Rb4 29. b3 g5 30. Rd8 Kf7 31. Nd6+ Ke7 32. Nxf5+ 1-0

[Event "10. Bayer Open"]
[Site "?"]
[Date "2012.01.11"]
[Round "1"]
[White "Roder, Stephan"]
[Black "Witte, Volker"]
[Result "1/2-1/2"]
[WhiteElo "1391"]
[BlackElo "1742"]
[PlyCount "95"]
[EventDate "2012.??.??"]
[SourceDate "2012.01.12"]

1. e4 c6 2. Nf3 d5 3. exd5 cxd5 4. d4 Nf6 5. Bf4 g6 6. Be2 Bg7 7. Be5 Nc6 8.
O-O O-O 9. Bxf6 Bxf6 10. c3 a6 11. Nbd2 b5 12. b4 Bf5 13. h3 Qb8 14. a4 bxa4
15. Rxa4 e5 16. Rxa6 Rxa6 17. Bxa6 exd4 18. cxd4 Qxb4 19. Nb3 Rb8 20. Nfd2 Be6
21. Nc5 Nxd4 22. Nxe6 fxe6 23. Nf3 Nxf3+ 24. Qxf3 Kg7 25. Qe3 Qb6 26. Qxb6 Rxb6
27. Bd3 Rb3 28. Bb1 Rb2 29. Kh1 Kf7 30. f3 Ke7 31. Bd3 Kd6 32. Rd1 Ra2 33. Kg1
Bd4+ 34. Kf1 e5 35. Be2 Ra1 36. Rxa1 Bxa1 37. Ba6 Bd4 38. Ke2 g5 39. Bb7 Bg1
40. Kd3 h5 41. g4 h4 42. Ba8 Bh2 43. Bb7 Bf4 44. Ba8 Kc5 45. Bb7 d4 46. Be4 Kb4
47. Kc2 Be3 48. Bd3 1/2-1/2

[Event "10. Bayer Open"]
[Site "?"]
[Date "2012.01.11"]
[Round "1"]
[White "van Schyndel, Andreas"]
[Black "Schmidt, Werner"]
[Result "1-0"]
[WhiteElo "1699"]
[BlackElo "1372"]
[PlyCount "101"]
[EventDate "2012.??.??"]
[SourceDate "2012.01.12"]

1. d4 d5 2. c4 Nc6 3. cxd5 Qxd5 4. e3 Bf5 5. Nc3 Qd7 6. d5 Nb8 7. e4 Bg6 8. Nf3
f6 9. Nd4 a6 10. Bf4 e5 11. dxe6 Qd8 12. Nd5 Bd6 13. Nf5 Bxf5 14. exf5 c6 15.
Bxd6 Qxd6 16. Nxf6+ Ke7 17. Qxd6+ Kxd6 18. O-O-O+ Ke7 19. Ne4 Nf6 20. Nc5 b6
21. Nb3 Ra7 22. f3 Re8 23. Bd3 Rc7 24. Be4 c5 25. Nd2 b5 26. g4 c4 27. g5 Ng8
28. Nf1 Nc6 29. Ne3 Ne5 30. a3 Nd3+ 31. Bxd3 cxd3+ 32. Kd2 Rd8 33. Rc1 Rb7 34.
Rc3 b4 35. Rb3 a5 36. axb4 axb4 37. Rc1 h6 38. f4 g6 39. Rc6 hxg5 40. fxg5 Rd6
41. Rxd6 Kxd6 42. Rxd3+ Ke5 43. Rd5+ Ke4 44. f6 Rb8 45. e7 Nxe7 46. fxe7 Re8
47. Rd7 Ke5 48. Nd5 Ke6 49. Nf6 Rxe7 50. Rxe7+ Kxe7 51. Nd5+ 1-0

[Event "10. Bayer Open"]
[Site "?"]
[Date "2012.01.11"]
[Round "1"]
[White "Longerich, Hans-Peter"]
[Black "Maczkowiak, Thomas"]
[Result "0-1"]
[WhiteElo "1320"]
[BlackElo "1833"]
[PlyCount "78"]
[EventDate "2012.??.??"]
[SourceDate "2012.01.12"]

1. e4 c6 2. d4 d5 3. exd5 cxd5 4. Nf3 Nc6 5. h3 Bf5 6. c4 e6 7. c5 Nf6 8. Be2
Be7 9. Nc3 O-O 10. Nh4 Be4 11. Nf3 b6 12. b3 bxc5 13. O-O Bxf3 14. Bxf3 Nxd4
15. Re1 Rc8 16. Bb2 Nd7 17. Be2 Bf6 18. Rb1 Qc7 19. Nb5 Nxb5 20. Bxb5 Bxb2 21.
Rxb2 Ne5 22. Qe2 Nc6 23. Bxc6 Qxc6 24. Rc2 Rfd8 25. Rec1 Qb6 26. Qe3 d4 27. Qd3
h6 28. Re1 a6 29. Rd1 Qb5 30. Rc4 Rd5 31. Qc2 Rcd8 32. Rd3 e5 33. f3 e4 34.
fxe4 Re5 35. b4 Rxe4 36. bxc5 Re1+ 37. Kf2 Qe8 38. Rcxd4 Rxd4 39. Rxd4 Qe3# 0-1

[Event "10. Bayer Open"]
[Site "?"]
[Date "2012.01.11"]
[Round "1"]
[White "Ziabari, Morteza"]
[Black "Rodewald, Horst"]
[Result "1-0"]
[WhiteElo "1791"]
[BlackElo "1309"]
[PlyCount "61"]
[EventDate "2012.??.??"]
[SourceDate "2012.01.12"]

1. e4 Nf6 2. e5 Nd5 3. c4 Nf4 4. d4 Ng6 5. h4 e6 6. h5 Ne7 7. h6 g6 8. Bg5 c6
9. Nc3 Qa5 10. Bd2 Qc7 11. Ne4 Nf5 12. Nf6+ Kd8 13. Nf3 a5 14. g4 Nxd4 15. Bc3
Bb4 16. Qxd4 c5 17. Qe3 Nc6 18. O-O-O b6 19. a3 Ra7 20. Ng5 Ke7 21. Nd5+ exd5
22. cxd5 Kf8 23. dxc6 Bxc3 24. Qxc3 Qd8 25. f4 Qe7 26. e6 f6 27. exd7 Bxd7 28.
cxd7 Ra8 29. d8=Q+ Rxd8 30. Rxd8+ Qxd8 31. Ne6+ 1-0

[Event "10. Bayer Open"]
[Site "?"]
[Date "2012.01.11"]
[Round "1"]
[White "Weber, Jakob Martin"]
[Black "Weinmann-Musset, Manfred"]
[Result "0-1"]
[WhiteElo "1195"]
[BlackElo "1800"]
[PlyCount "44"]
[EventDate "2012.??.??"]
[SourceDate "2012.01.12"]

1. e4 c5 2. Nf3 d6 3. Bc4 e6 4. O-O Be7 5. d3 a6 6. a4 Nc6 7. Re1 g5 8. d4 g4
9. Nfd2 cxd4 10. Qxg4 Ne5 11. Qg3 h5 12. h3 h4 13. Qb3 Nf6 14. Qb4 d5 15. Bb5+
axb5 16. Qxb5+ Bd7 17. Qxb7 Bc6 18. Qb3 dxe4 19. Na3 Bxa4 20. Qb7 Bc6 21. Qb3
Rb8 22. Qa2 Rg8 0-1

[Event "10. Bayer Open"]
[Site "?"]
[Date "2012.01.11"]
[Round "1"]
[White "Barche, Uwe"]
[Black "Arnold, Bodo"]
[Result "0-1"]
[WhiteElo "1061"]
[BlackElo "1615"]
[PlyCount "82"]
[EventDate "2012.??.??"]
[SourceDate "2012.01.12"]

1. c4 Nf6 2. g3 g6 3. Bg2 Bg7 4. Nc3 O-O 5. Nf3 d6 6. O-O c5 7. d3 Nbd7 8. b3
Ne4 9. dxe4 Bxc3 10. Rb1 Bg7 11. Bb2 Rb8 12. e3 Qa5 13. Bxg7 Kxg7 14. a4 a6 15.
Ra1 Qc7 16. Qc2 b5 17. axb5 axb5 18. Nd2 bxc4 19. bxc4 Kg8 20. Nf3 f6 21. Rfc1
Ne5 22. Nh4 Be6 23. Bf1 Rb4 24. Ra4 Rfb8 25. Rca1 Bxc4 26. Bxc4+ Nxc4 27. Ra7
Qd8 28. R1a4 Rb1+ 29. Kg2 Nxe3+ 30. fxe3 R1b2 31. Qxb2 Rxb2+ 32. Kf3 Kf7 33. h3
Qc8 34. g4 Qc6 35. Ng2 c4 36. Nf4 c3 37. Nd3 c2 38. Ra1 Rb1 39. h4 Rxa1 40.
Rxa1 Qc3 41. Ke2 Qxa1 0-1

[Event "10. Bayer Open"]
[Site "?"]
[Date "2012.01.11"]
[Round "1"]
[White "Bigott, Martin"]
[Black "Teuber, Alfons"]
[Result "1-0"]
[WhiteElo "1794"]
[BlackElo "1061"]
[PlyCount "85"]
[EventDate "2012.??.??"]
[SourceDate "2012.01.12"]

1. e4 e5 2. f4 exf4 3. Nf3 d6 4. d4 Qf6 5. Nc3 a6 6. Nd5 Qd8 7. Bxf4 c6 8. Nc3
Bg4 9. Be2 Nf6 10. O-O Be7 11. h3 Bh5 12. a4 O-O 13. a5 b6 14. axb6 Qxb6 15.
Ra2 Rd8 16. Kh2 h6 17. Qd2 Bg6 18. Bd3 Nh5 19. Be3 Qc7 20. g4 Nf6 21. Bf4 Nbd7
22. Rfa1 a5 23. b4 h5 24. g5 a4 25. gxf6 Nxf6 26. Rxa4 Rxa4 27. Rxa4 Rb8 28. e5
Nd5 29. Nxd5 cxd5 30. Bxg6 fxg6 31. exd6 Bxd6 32. Bxd6 Qxd6+ 33. Ne5 Kh7 34.
Qd3 Rc8 35. Ra6 Rc6 36. Rxc6 Qf8 37. Qxg6+ Kg8 38. Qf7+ Qxf7 39. Nxf7 Kxf7 40.
b5 g5 41. b6 Ke7 42. b7 Kd7 43. Rc5 1-0

[Event "10. Bayer Open"]
[Site "?"]
[Date "2012.01.11"]
[Round "1"]
[White "Wilde, Christian"]
[Black "Elsweiler, Karl-Heinz"]
[Result "0-1"]
[WhiteElo "1026"]
[BlackElo "1588"]
[PlyCount "122"]
[EventDate "2012.??.??"]
[SourceDate "2012.01.12"]

1. c4 c5 2. g3 Nc6 3. e3 Nf6 4. Nc3 e6 5. a3 Be7 6. Nge2 d5 7. cxd5 exd5 8. d4
Bg4 9. Bg2 O-O 10. O-O cxd4 11. exd4 Qd7 12. f3 Bh3 13. Bxh3 Qxh3 14. Nf4 Qd7
15. Be3 Rfe8 16. b4 a6 17. Nd3 Bxb4 18. Nxb4 Rxe3 19. Qd2 Rae8 20. Rae1 Rxe1
21. Rxe1 Rxe1+ 22. Qxe1 Nxd4 23. Qe3 Nc6 24. Nbxd5 Nxd5 25. Nxd5 h6 26. Nb4 Qd4
27. Qxd4 Nxd4 28. Kf2 Kf8 29. Ke3 Nc6 30. Nxc6 bxc6 31. Kd4 Ke7 32. Kc5 Kd7 33.
Kb6 Kd6 34. Kxa6 Kd5 35. Kb6 c5 36. a4 c4 37. a5 c3 38. a6 c2 39. a7 c1=Q 40.
a8=Q+ Kd4 41. Qe4+ Kc3 42. Qc6+ Kd2 43. Qd5+ Ke2 44. Qa2+ Qd2 45. Qxf7 Qe3+ 46.
Kc6 Qxf3+ 47. Qd5 Qxd5+ 48. Kxd5 g5 49. g4 Kf3 50. h3 Kg3 51. Ke4 Kxh3 52. Kf3
Kh4 53. Kg2 Kxg4 54. Kh2 h5 55. Kg2 h4 56. Kh2 h3 57. Kg1 Kf3 58. Kh2 g4 59.
Kh1 g3 60. Kg1 g2 61. Kh2 Kf2 0-1

[Event "10. Bayer Open"]
[Site "?"]
[Date "2012.01.25"]
[Round "2"]
[White "Friedsam, Manfred"]
[Black "Rotstein, Jefim"]
[Result "0-1"]
[WhiteElo "1828"]
[BlackElo "2291"]
[PlyCount "68"]
[EventDate "2012.??.??"]
[SourceDate "2012.01.12"]

1. b4 a5 2. b5 c5 3. c4 Nf6 4. Bb2 e6 5. e3 d5 6. d4 Nbd7 7. Nd2 Be7 8. Ngf3
O-O 9. Qc2 b6 10. Bd3 Bb7 11. O-O Rc8 12. Ne5 cxd4 13. exd4 g6 14. f4 dxc4 15.
Ndxc4 Nxe5 16. fxe5 Nd5 17. Qe2 Rc7 18. Ne3 Nxe3 19. Qxe3 Qd5 20. Rf2 Bb4 21.
a4 Bc3 22. Raf1 Bxb2 23. Rxb2 Rc3 24. Rff2 Ra3 25. Rbc2 Rxa4 26. Rc7 Rxd4 27.
Bf1 Rd1 28. Qe2 Ba8 29. h4 Rd4 30. h5 Re4 31. Qc2 Qxe5 32. hxg6 hxg6 33. Bd3
Re1+ 34. Bf1 Be4 0-1

[Event "10. Bayer Open"]
[Site "?"]
[Date "2012.01.25"]
[Round "2"]
[White "Khanukov, Boris"]
[Black "Brinkmann, Sven"]
[Result "1-0"]
[WhiteElo "2236"]
[BlackElo "1961"]
[PlyCount "113"]
[EventDate "2012.??.??"]
[SourceDate "2012.01.12"]

1. d4 Nf6 2. Nf3 d5 3. c4 e6 4. Nc3 Be7 5. Bg5 O-O 6. e3 Nbd7 7. Qc2 c6 8. cxd5
exd5 9. Bd3 Re8 10. O-O Nf8 11. h3 Be6 12. Rab1 Ne4 13. Bxe7 Qxe7 14. Bxe4 dxe4
15. Qxe4 Qd7 16. Qh4 Ng6 17. Qg3 f6 18. Rbc1 Qf7 19. a3 Rad8 20. Rfe1 Ne7 21.
e4 a5 22. Na4 Nc8 23. Nc5 Nd6 24. Qf4 Bc8 25. e5 fxe5 26. Qxf7+ Nxf7 27. dxe5
Rd5 28. e6 Nd6 29. b4 axb4 30. axb4 Nb5 31. Rc4 Na3 32. Rc3 Nb5 33. Rce3 Nd4
34. Nxd4 Rxd4 35. Re4 Rxe4 36. Rxe4 Re7 37. f4 b6 38. Na4 Rxe6 39. Rxe6 Bxe6
40. Nxb6 Kf7 41. Kf2 Ke7 42. Ke3 Kd6 43. Kd4 h5 44. h4 Bf7 45. g3 Be6 46. Na4
Bd5 47. Nc3 Bf3 48. Ne4+ Kc7 49. Ng5 Bg4 50. Kc5 Bf5 51. Nf7 Be4 52. Nd6 Bf3
53. Ne8+ Kd7 54. Nxg7 Bg4 55. f5 Ke7 56. Kxc6 Kf7 57. Nxh5 1-0

[Event "10. Bayer Open"]
[Site "?"]
[Date "2012.01.25"]
[Round "2"]
[White "Speck, Stefan"]
[Black "Ivic, Roman"]
[Result "1/2-1/2"]
[WhiteElo "1912"]
[BlackElo "2020"]
[PlyCount "112"]
[EventDate "2012.??.??"]
[SourceDate "2012.01.12"]

1. d4 d5 2. c4 e6 3. Nf3 c6 4. e3 Bb4+ 5. Nc3 Nf6 6. Qc2 Nbd7 7. Bd3 O-O 8. O-O
Bd6 9. b3 b6 10. Bb2 Ba6 11. cxd5 Bxd3 12. Qxd3 exd5 13. Rac1 Re8 14. Ne2 Rc8
15. Ng3 Ne4 16. Qa6 Bb8 17. Rfd1 Qe7 18. Rc2 Qe6 19. Qa4 f5 20. Rdc1 c5 21.
dxc5 bxc5 22. b4 Nxg3 23. hxg3 Nb6 24. Qa6 cxb4 25. Rxc8 Rxc8 26. Rxc8+ Qxc8
27. Qd3 Qd7 28. Qd4 Nc4 29. Ba1 a5 30. Qh4 Bc7 31. Ng5 h6 32. Nf3 a4 33. Qd4
Bb6 34. Qf4 Bc7 35. Qd4 Kh7 36. Qd3 Qe6 37. Qb1 Bd6 38. Qd1 Qe4 39. Kh2 a3 40.
Nd4 Nb2 41. Qc1 Nd3 42. Qd2 Ne5 43. Qc1 Ng4+ 44. Kg1 Be5 45. Kf1 Qd3+ 46. Ke1
Nh2 47. Ne2 Bxa1 48. Qxa1 Qc2 49. f3 Qb2 50. Qd1 Qxa2 51. Kf2 Qb2 52. Qxd5 Qb1
53. g4 Qc2 54. e4 Qc8 55. e5 fxg4 56. e6 Qe8 {Restliche Notation fehlt.}
1/2-1/2

[Event "10. Bayer Open"]
[Site "?"]
[Date "2012.01.25"]
[Round "2"]
[White "Kniest, Oliver"]
[Black "Bosbach, Jens"]
[Result "1/2-1/2"]
[WhiteElo "2243"]
[BlackElo "1769"]
[PlyCount "48"]
[EventDate "2012.??.??"]
[SourceDate "2012.01.12"]

1. d4 Nf6 2. c4 e6 3. Nc3 d5 4. cxd5 exd5 5. Bg5 Be7 6. e3 O-O 7. Bd3 h6 8. Bh4
c6 9. Qc2 Be6 10. Nge2 Nh5 11. Bxe7 Qxe7 12. O-O Nd7 13. f3 Nb6 14. e4 dxe4 15.
fxe4 Qg5 16. e5 Nd5 17. Nxd5 Bxd5 18. Rf2 Rad8 19. Raf1 Qe3 20. Qc3 g6 21. Re1
Qg5 22. Bc2 Rd7 23. Qd3 Rfd8 24. g3 Be6 1/2-1/2

[Event "10. Bayer Open"]
[Site "?"]
[Date "2012.01.25"]
[Round "2"]
[White "Wirtz, Uwe"]
[Black "Auer, Martin"]
[Result "0-1"]
[WhiteElo "1780"]
[BlackElo "2214"]
[PlyCount "100"]
[EventDate "2012.??.??"]
[SourceDate "2012.01.12"]
[TimeControl "300"]

{317MB, Book.ctg, TMDPC3538} 1. e4 d6 2. d4 Nf6 3. Nc3 g6 4. Nf3 Bg7 5. Be2 O-O
6. O-O e6 7. Bg5 h6 8. Be3 Nc6 9. h3 b6 10. Qd2 Kh7 11. Rad1 Ne7 12. Nh2 Bb7
13. Bf3 Nd7 14. Rfe1 a6 15. Ng4 Ng8 16. Nh2 Qe8 17. a3 Rd8 18. b4 b5 19. Be2 f5
20. f3 Qf7 21. Bd3 Ne7 22. Ne2 Nf6 23. exf5 exf5 24. Nf4 g5 25. Ne2 Nfd5 26.
Bf2 Kh8 27. f4 gxf4 28. Nxf4 Nxf4 29. Qxf4 Nd5 30. Qd2 Qg6 31. Bf1 Nf6 32. Re7
Ne4 33. Qe3 Rf7 34. Rxf7 Qxf7 35. Nf3 f4 36. Qb3 Bd5 37. Qb2 Re8 38. c3 c5 39.
Re1 Nxf2 40. Rxe8+ Qxe8 41. Qxf2 cxd4 42. Nxd4 Qe4 43. Be2 Qb1+ 44. Kh2 (44.
Qf1) 44... Qb2 45. Nf5 (45. Qe1) 45... Be5 46. Qh4 f3+ 47. Kg1 Qc1+ 48. Bf1
fxg2 49. Qd8+ Bg8 50. Kxg2 Qc2+ 0-1

[Event "10. Bayer Open"]
[Site "?"]
[Date "2012.01.25"]
[Round "2"]
[White "Balduan, Markus"]
[Black "Scharff, Klaus"]
[Result "1-0"]
[WhiteElo "2189"]
[BlackElo "1885"]
[PlyCount "51"]
[EventDate "2012.??.??"]
[SourceDate "2012.01.12"]

1. c4 Nf6 2. Nc3 g6 3. g3 Bg7 4. Bg2 d6 5. e4 Nbd7 6. Nge2 e5 7. d3 Nh5 8. O-O
O-O 9. Be3 Nc5 10. f4 f5 11. fxe5 fxe4 12. Rxf8+ Kxf8 13. d4 Na6 14. exd6 Qxd6
15. Nxe4 Qb4 16. b3 Bf5 17. N2c3 c6 18. g4 Bxe4 19. Nxe4 Nf6 20. Qf3 Ke7 21.
Bg5 Rf8 22. Rf1 Nc7 23. Nxf6 Bxf6 24. Bxf6+ Kd7 25. g5 Ne8 26. Bh3+ 1-0

[Event "10. Bayer Open"]
[Site "?"]
[Date "2012.01.25"]
[Round "2"]
[White "Bießner, Eberhard"]
[Black "Negele, Michael"]
[Result "0-1"]
[WhiteElo "1750"]
[BlackElo "2134"]
[PlyCount "66"]
[EventDate "2012.??.??"]
[SourceDate "2012.01.12"]

1. e4 e6 2. d4 d5 3. exd5 exd5 4. Bf4 Nf6 5. Bd3 Nc6 6. c3 Bd6 7. Qf3 O-O 8. h3
Re8+ 9. Ne2 Bxf4 10. Qxf4 Nh5 11. Qf3 Qg5 12. O-O Ne7 13. Ng3 Nf4 14. Re1 Bf5
15. Bxf5 (15. Rxe7 Bxd3) (15. Re5 Nxd3 16. Qxd3 Qc1+ 17. Qf1 Qxb2) 15... Nxf5
16. Na3 Nh4 17. Qg4 Qxg4 18. hxg4 Nhxg2 (18... c6 19. Nf5 Nhxg2 20. Rxe8+) 19.
Rxe8+ Rxe8 20. Nb5 c6 21. Nd6 Re7 22. Ndf5 (22. Nc8 Re6 23. Nxa7 Nh4 24. Kf1
Nf3) 22... Re6 23. Nh5 g6 24. Nxf4 Nxf4 25. Ne3 h5 26. Rb1 hxg4 27. Nxg4 Kg7
28. Kf1 g5 29. a4 f5 30. Ne5 g4 (30... c5) 31. b4 $2 Rh6 32. Kg1 Ne2+ 33. Kg2
Nxc3 0-1

[Event "10. Bayer Open"]
[Site "?"]
[Date "2012.01.25"]
[Round "2"]
[White "Lemanczyk, Thomas"]
[Black "Liebsch, Felix"]
[Result "1-0"]
[WhiteElo "2245"]
[BlackElo "1708"]
[PlyCount "57"]
[EventDate "2012.??.??"]
[SourceDate "2012.01.12"]

1. Nf3 f5 2. g3 Nf6 3. Bg2 e6 4. b3 Be7 5. Bb2 d6 6. d4 O-O 7. O-O a5 8. a3 Qe8
9. Nbd2 Ne4 10. Nxe4 fxe4 11. Nd2 d5 12. f3 exf3 13. exf3 c5 14. f4 cxd4 15.
Nf3 Qh5 16. Qd2 Nc6 17. Nxd4 Bf6 18. b4 axb4 19. axb4 Bd7 20. c3 Rfc8 21. Nb3
b6 22. Qf2 Qg6 23. f5 Qxf5 24. Qxf5 exf5 25. Bxd5+ Kh8 26. Rxa8 Rxa8 27. b5 Rc8
28. bxc6 Bxc6 29. Bxc6 1-0

[Event "10. Bayer Open"]
[Site "?"]
[Date "2012.01.25"]
[Round "2"]
[White "Peschel, Andreas"]
[Black "Vranidis, Georgius"]
[Result "0-1"]
[WhiteElo "2163"]
[BlackElo "1814"]
[PlyCount "76"]
[EventDate "2012.??.??"]
[SourceDate "2012.01.12"]

1. d4 f5 2. Nc3 d5 3. Nh3 c6 4. f3 Nf6 5. Bg5 Qb6 6. Na4 Qa5+ 7. c3 Na6 8. b4
Qd8 9. e3 b5 10. Nb2 Nc7 11. a4 a6 12. Nf4 Bd7 13. a5 Ne6 14. h4 Nxf4 15. Bxf4
e6 16. Qc2 Be7 17. O-O-O O-O 18. Nd3 Ne8 19. g3 Nd6 20. Nf2 Nc4 21. Bd3 Rc8 22.
e4 fxe4 23. Bxc4 bxc4 24. fxe4 Be8 25. Rde1 Bd6 26. Bxd6 Qxd6 27. e5 Qe7 28.
Nh3 Bg6 29. Qe2 Bd3 30. Qe3 Be4 31. Rhf1 Rxf1 32. Rxf1 Bg2 33. Rg1 Bxh3 34. g4
Qxh4 35. Rh1 Qxg4 36. Rxh3 Rf8 37. Kb2 Qg2+ 38. Ka3 Qc2 0-1

[Event "10. Bayer Open"]
[Site "?"]
[Date "2012.01.25"]
[Round "2"]
[White "Weinmann-Musset, Manfred"]
[Black "Ljuboschiz, Alexander"]
[Result "1/2-1/2"]
[WhiteElo "1800"]
[BlackElo "1992"]
[PlyCount "93"]
[EventDate "2012.??.??"]
[SourceDate "2012.01.12"]

1. d4 Nf6 2. c4 g6 3. Nc3 Bg7 4. e4 d6 5. Be2 O-O 6. g4 a6 7. h4 c5 8. d5 e6 9.
dxe6 fxe6 10. h5 Nc6 11. hxg6 hxg6 12. g5 Nh7 13. f4 Nd4 14. Be3 Qa5 15. Bd2
Qc7 16. Nf3 Qf7 17. O-O Bd7 18. Nh4 Rfd8 19. Bg4 Nf8 20. Qb1 Bc6 21. f5 exf5
22. exf5 gxf5 23. Nxf5 Nxf5 24. Rxf5 Bd4+ 25. Kh2 Qh7+ 26. Kg3 Be5+ 27. Rxe5
Qxb1 28. Rxb1 dxe5 29. Be3 b6 30. Bf5 Kf7 31. b4 Nd7 32. b5 axb5 33. cxb5 Bb7
34. Bd3 Ra3 35. Bc4+ Kg7 36. Bb3 Nf8 37. Kf2 Ng6 38. Na4 Bd5 39. Nxb6 Bxb3 40.
axb3 Ra2+ 41. Kf3 Rc2 42. Ra1 Rc3 43. Ra7+ Kg8 44. Nd7 Rxb3 45. Nf6+ Kf8 46.
Nh7+ Ke8 47. Nf6+ 1/2-1/2

[Event "10. Bayer Open"]
[Site "?"]
[Date "2012.01.25"]
[Round "2"]
[White "Keller, Karsten"]
[Black "van Schyndel, Andreas"]
[Result "1-0"]
[WhiteElo "2127"]
[BlackElo "1699"]
[PlyCount "35"]
[EventDate "2012.??.??"]
[SourceDate "2012.01.12"]

1. Nf3 e6 2. c4 d5 3. d4 c6 4. e3 Bd6 5. b3 f5 6. Bd3 Nf6 7. O-O Qe7 8. Bb2 O-O
9. Qc1 b6 10. Ba3 Nbd7 11. cxd5 cxd5 12. Bxd6 Qxd6 13. Nc3 Ne4 14. Nb5 Qe7 15.
Qc7 Ba6 16. Ne5 Nef6 17. Nc6 Qe8 18. Nd6 1-0

[Event "10. Bayer Open"]
[Site "?"]
[Date "2012.01.25"]
[Round "2"]
[White "Heyn, Peter"]
[Black "Weimann, Maximilian"]
[Result "1/2-1/2"]
[WhiteElo "1784"]
[BlackElo "2129"]
[PlyCount "81"]
[EventDate "2012.??.??"]
[SourceDate "2012.01.12"]

1. d4 d5 2. c4 e6 3. Nc3 c6 4. e3 Bd6 5. Nf3 f5 6. Bd2 Nf6 7. Bd3 O-O 8. Ne2
Ne4 9. Bc3 Nd7 10. O-O Qf6 11. Qc2 b6 12. Rfd1 Bb7 13. cxd5 exd5 14. Rac1 Rae8
15. b4 Qh6 16. Qa4 Bb8 17. Ba1 b5 18. Qb3 g5 19. g3 Qh5 20. Kg2 f4 21. exf4
gxf4 22. Bxe4 Rxe4 23. Re1 Nf6 24. Neg1 Rfe8 25. Rxe4 Rxe4 26. Re1 Bc8 27. Rxe4
Nxe4 28. Qc2 fxg3 29. fxg3 Qe8 30. Bb2 Be6 31. a3 Bf5 32. Qc1 Be6 33. Qh6 Qg6
34. Qh4 Qf6 35. Qxf6 Nxf6 36. Ne5 Bd7 37. Ngf3 Be8 38. Ng5 Ne4 39. Nxe4 dxe4
40. Kf2 Bxe5 41. dxe5 1/2-1/2

[Event "10. Bayer Open"]
[Site "?"]
[Date "2012.01.25"]
[Round "2"]
[White "Kappelt, Jörg"]
[Black "Ziabari, Morteza"]
[Result "1-0"]
[WhiteElo "2149"]
[BlackElo "1791"]
[PlyCount "165"]
[EventDate "2012.??.??"]
[SourceDate "2012.01.12"]

1. e4 d6 2. d4 Nf6 3. f3 c6 4. c4 Qc7 5. Nc3 e5 6. d5 Nbd7 7. Bd3 Nc5 8. Nge2
Nxd3+ 9. Qxd3 Bd7 10. Be3 Be7 11. Rd1 h6 12. b4 g5 13. dxc6 bxc6 14. Nc1 Nh5
15. g3 Ng7 16. Nb3 f5 17. c5 fxe4 18. fxe4 dxc5 19. Nxc5 Bg4 20. Rc1 O-O 21.
Rf1 Rxf1+ 22. Qxf1 Rf8 23. Qc4+ Kh7 24. Nd3 Qb8 25. a3 Rf3 26. Kd2 Bd7 27. Ne1
Rf6 28. Kc2 Be6 29. Qe2 a5 30. Rb1 axb4 31. axb4 Qf8 32. b5 cxb5 33. Qxb5 Bd6
34. Nd3 Qe7 35. Ra1 Bd7 36. Qb1 Qf8 37. Nd5 Rf3 38. Kd2 Be6 39. Qb5 Rf7 40. Ra6
Ne8 41. Ra8 Bd7 42. Qb6 Rf1 43. Qd8 Bc6 44. Rc8 Bxd5 45. exd5 Bb4+ 46. Kc2 Ng7
47. Qxf8 Bxf8 48. Nxe5 Bd6 49. Nc4 Nf5 50. Bb6 Rh1 51. g4 Rxh2+ 52. Kb3 Rh3+
53. Ka4 Ne7 54. Nxd6 Nxd5 55. Bc5 Nf6 56. Rc7+ Kg6 57. Bd4 Rh4 58. Nf7 Nxg4 59.
Kb5 Nh2 60. Ne5+ Kf5 61. Kc5 Ng4 62. Nf3 Rh3 63. Ng1 Rh1 64. Ne2 Ke4 65. Ng3+
Kf4 66. Nxh1 h5 67. Kd5 h4 68. Ke6 h3 69. Rc4 Kf3 70. Bc3 Ne3 71. Ra4 g4 72.
Ba5 Ke2 73. Ra2+ Kf1 74. Nf2 Nd1 75. Nxd1 g3 76. Ra1 Ke2 77. Kf5 g2 78. Nc3+
Kf2 79. Ne4+ Kf3 80. Ng3 Kxg3 81. Ra3+ Kh4 82. Be1+ Kh5 83. Rxh3# 1-0